MDQL
is popping MORE tags! Check the
thread
!
Quizzes
Events
Quiz Creation
Community
Videos
Private Events
Remove Ads
Sign In
Join for FREE
Feedback
Dark Mode
Quiz Categories
Sports
Geography
Music
Movies
Television
Just For Fun
Miscellaneous
History
Literature
Language
Science
Gaming
Entertainment
Religion
Holiday
For Kids
Quiz Lab
Recent
Popular Today
Quiz Kudos Today
Editor Picks
Curator Picks
Quizzes by...
Day
Popularity
Type
Ratings
Length
Year
Community
Subscriptions
Recent Discussions
Orange Saloon
Badges
Playlists
Quests
Create
Leaderboards
Showdown
Live 5
Trivia Bingo
Activity
Puzzle Library
Sporcle Events
Private Events
Virtual Trivia
Globe League
Become a Host
Pub Owners
SporcleCon
Opinionation
Our Games
Videos
Blog
Mobile Apps
Partnerships
Remove Ads and Go Orange
Feedback
Sports
Athletes
MLB
NBA
NHL
NFL
Soccer
Sports Teams
WWE
NCAA
Football
Premier League
Basketball
Baseball
Hockey
Golf
Tennis
Cricket
Rugby
Auto Racing
Olympics
World Cup
Sports
Athletes
MLB
NBA
NHL
NFL
Soccer
Sports Teams
WWE
NCAA
Football
Premier League
Basketball
Baseball
Hockey
Golf
Tennis
Cricket
Rugby
Auto Racing
Olympics
World Cup
Random Quiz
Search Sporcle
×
Quiz Lab
Quiz Lab
Sports
UEFA
Click on answers out of a set of options
Click on answers out of a set of options
Multiple Choice
Best Score? Go Orange.
L'OL et la C3 Stats
Connaissez-vous bien l'histoire de l'OL en Coupe UEFA / Ligue Europa ?
By
LiberoLyon
10m
10 Questions
706 Plays
706 Plays
706 Plays
Comments
Comments
Give Quiz Kudos
Give Quiz Kudos
-
- Ratings
hide this ad
Random Order
Randomize order of answers
Randomize order of answers
Replay
Link that replays current quiz
Next Quiz
Link to next quiz in quiz playlist
You Got
0%
They Got
Avg Score
47%
Avg Friend Score
Upgrade to see
Score Distribution
Jump to the score distribution portion of the page
Score
0/10
Timer
10:00
0
Plays Today
Question
Answer
Wrong Answers
Nouveau moment honteux de l'histoire lyonnaise en 2002/03. Quel club turc élimine l'OL ?
Denizlispor
68.8%
Istanbulspor
11.5%
Ankaragücü
10.6%
Genclerbirligi
8.2%
De quel surnom hérite Gaël Danic suite à un tweet de Jean-Michel Aulas après l'élimination contre l'Astra Giurgiu à l'été 2014 ?
Sauf 1
66.4%
Le Petit Breton
20.4%
Dany
7.2%
Calvitie
4.4%
En 1999/2000, l'OL se fait éliminer de Ligue des Champions par Maribor. Plus tard dans la saison, l'élimination en 16e de Coupe UEFA par le Werder Brème est elle aussi frustrante. Pourquoi ?
Défaite 4-0 au match retour après avoir gagné 3-0 à Gerland
63.3%
L'OL rate toutes ses tentatives lors de la séance de tirs au but
12.7%
Élimination sur tapis vert pour avoir fait jouer un joueur non inscrit
4.4%
Les Allemands marquent le but de la qualification à la dernière minute
19.1%
L'année suivante, Rémi Garde décide de faire tourner en masse lors du match aller en Ukraine contre le Tchornomorets Odessa. Quel duo est aligné en pointe de l'expérimental 3-5-2 lyonnais ?
Danic - Briand
52.8%
Bahlouli - Gomis
9.3%
Ghezzal - Njie
19.7%
Benzia - Labidi
16.7%
On commence par le premier match (et ce n'est pas la question la plus facile). Pour ses débuts en Coupe UEFA (après avoir joué en Coupe des villes de foire et Coupe des coupes) en 1974/75, l'OL s'impose 11-1 en cumulé contre une modeste équipe. Mais
Red Boys Differdange (Luxembourg)
51.6%
IK Start (Norvège)
17.8%
Pezoporikos Larnaca FC (Chypre)
10.6%
Hibernians FC (Malte)
20%
Et on finit par le plus récent, avec la demi-finale de Ligue Europa de l'an dernier. Combien l'OL a-t-il marqué de buts en huit matchs dans la compétition ? (contre l'AZ, la Roma, Besiktas et l'Ajax)
23
46.3%
16
13.7%
20
21.2%
26
16.9%
En 1995, l'OL réussit un exploit en éliminant la Lazio (victoires 2-1 à Gerland et 0-2 à Rome). Quel joueur NE MARQUE PAS contre le club italien ?
Eric Roy
40.4%
Jean-Christophe Devaux
17.6%
Sylvain Deplace
17.1%
Eric Assadourian
24.5%
« Je préfère aller le plus loin possible en coupe de l’UEFA, que de perdre en huitièmes de finale de la ligue des champions. » Qui envoie une petite pique après OL-United LDC 2008... avant d'être éliminé en huitièmes de Coupe UEFA ?
Samir Nasri (OM)
37.1%
Jérôme Rothen (PSG)
38.4%
Laurent Blanc (Bordeaux)
18.6%
André-Pierre Gignac (Toulouse)
5%
Plus facile. En 1991/92, l'OL fait son retour en Coupe d'Europe après 15 ans d'absence. Contre quel club suédois a lieu ce premier match européen de l'ère Aulas ?
Östers Växjö
29.2%
Norrköping
15%
AIK Solna
32.4%
Halmstads BK
23.2%
Le 6 décembre 2012, qui marque un but pour son premier match en pro contre l'Hapoel Ironi Kiryat Shmona ?
Naby Sarr
22.7%
Jordan Ferri
19.3%
Medhi Zeffane
9.3%
Yassine Benzia
47.6%
Quiz Playlist
Details
Report
Send in Message
Add To Playlist
Multiple Choice:
Click on answers out of a set of options
Random Order:
Randomize order of answers
Last Updated: Aug 24, 2017
Quiz Scoreboard
CHALLENGE
Sign Up to Join the Scoreboard
Show All
Scores
Hide
Comments
May contain spoilers
Recently Published
Colored Red Africa Blitz
by spor1
Geography
30s
Find the 'City' Movie
by crazypaving
Movies
60s
5x2 Blitz: Bands
by SL_Kpop136
Music
30s
More to Explore
Quiz From the Vault
Featured Blog Post
14 Easter Pick-up Lines to Find Eggs With
hide this ad
You Might Also Like...
Tags
europa
ligue
lol
UEFA
Today's Top Quizzes in Sports
Browse Sports
hide this ad
Today's Top Quizzes in UEFA
Browse UEFA
Top Contributed Quizzes in Sports
1
Les entraîneurs de l'OM et du PSG au 21e siècle
2
Les meilleurs buteurs des matchs entre le PSG et l’OM
3
Les joueurs passés par le PSG et l'OM
4
Players with Multiple 50 Home Run Seasons
5
2022 World Cup Stars
6
Criteria MLB: Left Handed Sluggers
7
NBA Logic Puzzle 2.0
8
MLB Players with Two .350 Batting Average Seasons
9
Top 10 NHL Goal Scorers of All Time
10
Les joueurs passés par le LOSC et le RC Lens
Explore More
Trending Topics
Kpop
Harry Potter
Anime
Marvel
NBA
Disney
Crossword
Soccer
The Office
Pokémon
WWE
NFL
Puzzle
Song
Country
hide this ad
More By:
LiberoLyon
Quiz
Plays
Rating
Category
Featured
Created
L'OL et la C3
706
Sports
Aug 24, 2017
Le XI des féminines de l'OL en finales de LDC
154
Sports
Jul 24, 2018
OL: premier XI en Coupe de la Ligue (à Cannes, 1995)
136
Sports
Sep 18, 2019
Go to Creator's Profile
Score Distribution
Quiz Creator Spotlight
LiberoLyon
Follow
Send a Message
Quizzes Created
-
Created Quiz Play Count
-
More By This Creator
Popular Quizzes Today
1
Colored Red Africa Blitz
2
Find the 'City' Movie
3
5x2 Blitz: Bands
4
Find the US States - No Outlines Minefield
5
The Countries of the World
6
Find the US States
7
US States
8
Find the Countries of Europe - No Outlines Minefield
More Sports Quizzes
Goalkeeper To Country Match-up
Curator's Pick
Trending Quizzes
Colored Red Europe Blitz I
Colored Red Europe Blitz II
Colored Red Africa Blitz II
Colored Red Europe Blitz III
Colored Red Africa Blitz III
Recently Updated
How Do You Spell That?
pecheneg
Godzilla Movies
pecheneg
Grab Bag: 4-10 Letters
pecheneg
2024 March Madness Bracket
pecheneg
Famous TV Couples
Peacemaker
Champions League XIs: Real Madrid
pecheneg
Largest US Cities 1790-2010
pecheneg
Rides in Walt Disney World
pecheneg
Most Oscar Losses (Acting)
pecheneg
Beyoncé Albums
pecheneg
Trending Topics
Disney
Crossword
Anime
NBA
Kpop
Harry Potter
Marvel
Country
WWE
The Office
Soccer
NFL
Song
Pokémon
Puzzle
Your Account Isn't Verified!
In order to create a playlist on Sporcle, you need to verify the email address you used during registration. Go to your
Sporcle Settings
to finish the process.
Report this User
Report this user for behavior that violates our
Community Guidelines
.
Details:
Send Report
Go to the Sporcle.com Mobile Site →
Comments